| FMT | BK |
| LDR | 00537nam 2200169ui 4500 |
| 001 | 000005951 |
| 005 | 20080604095506.0 |
| 008 | 870401s1987 xxk 001 0 eng |
| 020 | |a 0333372352 |
| 040 | |a ES-MaBBE |
| 098 | |a A1 |e Economía general: obras de referencia |
| 24504 | |a The new Palgrave : |b a dictionary of economics / |c edited by John Eatwell, Murray Milgate, Peter Newman. |
| 260 | |a Houndmills [etc.] : |b Macmillan Press, |c 1987. |
| 300 | |a 4 v. |
| 500 | |a Incluye bibliografía e índice |
| 7001 | |a Eatwell, John |e (ed. lit.) |
| 7001 | |a Milgate, Murray |e (ed. lit.) |
| 7001 | |a Newman, Peter |e (ed. lit.) |
| 035 | |a (OCoLC)778157492 |z OCOLC778157492 |
| TYP | |a Libro |
| SYS | 000005951 |
2013 Banco de España, Madrid, España. Reservados todos los derechos
Basado en Ex Libris (© 2009 Ex Libris)